000 00621nam a2200229Ia 4500
003 OSt
005 20221007073644.0
006 a|||||r|||| 00| 0
007 ta
008 221006b |||||||| |||| 00| 0 eng d
024 _a2,159
037 _cTextual
040 _aFLL
_cFLL
_beng
041 _2eng
_aeng
082 _aZ2VN5, P5
100 _aGandhi B.M. Au.
_9692137
245 0 _aLandmarks in indian legal and constitutional history
250 _a18th
260 _aLucknow
_bEastern book company India
_c2005
942 _hZ2VN5, P5
_cTEXL
_2CC
999 _c1149433
_d1149433